Ergänzungen von Bibliographien zu Johannes Urzidil
| Titel: | Ergänzungen von Bibliographien zu Johannes Urzidil / Gerhard Trapp |
|---|---|
| Verfasser: | |
| In: |
Germanoslavica, Band 15, Heft 1 (2004), Seite 31-34 alle Artikel anzeigen |
| Veröffentlicht: | 2004 |
| Format: | Aufsatz |
| Sprache: | Deutsch |
X
alg: 12432341 001A $04504:26-10-04 001B $01999:30-08-23 $t14:00:38.000 001D $04504:26-10-04 001U $0utf8 001X $00 002@ $0Aou 002C $aText $btxt $2rdacontent 002D $aohne Hilfsmittel zu benutzen $bn $2rdamedia 002E $aBand $bnc $2rdacarrier 003@ $0124323413 007A $0124323413 $aHEB 010@ $ager 011@ $a2004 013D $RVerzeichnis $RInformationsmittel $RKatalog $RLiteraturbericht $RNeuerwerbungsliste $RBibliograf $RBibliografin $#Bibliography $#Bibliographie $#Bibliography, Critical $#Bibliographie critique $#Bibliographie $#Abstract Formschlagwort $#Bücherverzeichnis $#Literaturdokumentation Formschlagwort $#Literaturverzeichnis $#Publikationen Formschlagwort $#Repertorium Bibliografie $#Werke Formschlagwort $#Bibliografien $#Bibliographien $74006432-3 $8Bibliografie [Ts1] $9085009210 $y1929-2004 021A $aErgänzungen von Bibliographien zu Johannes Urzidil $hGerhard Trapp 028A $BVerfasser $4aut $71022940899 $8Trapp, Gerhard$Z1938- [Tp3] $9301762651 031A $d15 $e1 $h31-34 $j2004 039B $aEnthalten in $8--Abvc--. Germanoslavica. - Hildesheim : Olms, 1931-. - ISSN 1210-9029 $x200400000150001969 $9047348615 044K $#Urzidil, Johannes $#Urzidil, John $#Urzidil, J. $#Helmar, Hans $7118763938 $8Urzidil, Johannes$Z1896-1970 [Tp1] $908710461X 045T $a7,20 $a25 $a7,41 $a7,39 045T $aLING $qDE-30 $2FID 045T $aGER $qDE-30 $2FID 045T $aAVL $qDE-30 $2FID 045V $aUrzidil, Johannes $817.18.00$jZu einzelnen Autoren [Tkx] $9118843737 lok: 12432341 62 exp: 12432341 62 1 #EPN 201B/01 $026-10-04 $t20:31:35.000 203@/01 $0221049681 208@/01 $a26-10-04 $be 209A/01 $a/ $f000 $x00 209B/01 $a2004 $x05 247C/01 $8Frankfurt, Bibliographie der Deutschen Sprach- und Literaturwissenschaft $9113214561 201U/01 $0utf8 lok: 12432341 78 exp: 12432341 78 1 #EPN 201B/01 $023-11-20 $t15:31:17.000 201C/01 $023-11-20 201U/01 $0utf8 203@/01 $01131089189 208@/01 $a23-11-20 $be 209A/01 $a/ $f000 $x00 209A/01 $ab*p $x01 220C/01 $apgar 244Z/01 $#Böhmische Kronländer $#Länder der Böhmischen Krone $#Sudetenland $#Böhmen $#Mähren $#Mährisch-Schlesien $#Österreichisch-Schlesien $#Tschechische Sozialistische Republik Böhmische Länder $#Tschechei Böhmische Länder $#Země koruny české $74069573-6 $8--Tg1--Böhmische Länder $x01 $9085195553 247C/01 $82080>Marburg/Lahn, Herder-Institut, Forschungsbibliothek, Bibliographieportal $9336309341
| LEADER | 00000caa a2200000 c 4500 | ||
|---|---|---|---|
| 001 | 124323413 | ||
| 003 | DE-603 | ||
| 005 | 20230830140038.0 | ||
| 007 | tu | ||
| 008 | 041026s2004 xx |||| | u00||u|ger c | ||
| 035 | |a (DE-599)HEB124323413 | ||
| 040 | |a DE-603 |b ger |c DE-603 |d DE-603 | ||
| 041 | |a ger | ||
| 084 | |a 7,20 |a 25 |a 7,41 |a 7,39 |2 ssgn | ||
| 084 | |a LING |q DE-30 |2 fid | ||
| 084 | |a GER |q DE-30 |2 fid | ||
| 084 | |a AVL |q DE-30 |2 fid | ||
| 100 | 1 | |a Trapp, Gerhard |d 1938- |e Verfasser |4 aut |0 (DE-603)301762651 |0 (DE-588)1022940899 |2 gnd | |
| 245 | 0 | 0 | |a Ergänzungen von Bibliographien zu Johannes Urzidil |c Gerhard Trapp |
| 264 | 0 | |c 2004 | |
| 336 | |a Text |b txt |2 rdacontent | ||
| 337 | |a ohne Hilfsmittel zu benutzen |b n |2 rdamedia | ||
| 338 | |a Band |b nc |2 rdacarrier | ||
| 600 | 1 | 7 | |a Urzidil, Johannes |d 1896-1970 |0 (DE-588)118763938 |0 (DE-603)08710461X |2 gnd |
| 655 | 7 | |a Bibliografie |y 1929-2004 |2 gnd-content |0 (DE-588)4006432-3 |0 (DE-603)085009210 | |
| 773 | 0 | 8 | |i Enthalten in |t Germanoslavica |d Hildesheim : Olms, 1931- |x 1210-9029 |g Band 15, Heft 1 (2004), Seite 31-34 |w (DE-603)047348615 |w (DE-600)216758-X |
| 924 | 0 | |9 603 |a (DE-603)221049681 |b DE-603 |c HES |d d | |
| 924 | 0 | |9 2080 |a (DE-603)1131089189 |b DE-2080 |c HES |d d |g / | |


